[Event "IECG Q3.2000.0.00067"]
[Site "IECG email"]
[Date "2000.03.25"]
[Round "?"]
[White "Dettmann, Terry"]
[Black "Van Jaarsveldt, Anton"]
[Result "1-0"]
[WhiteElo "1200"]
[BlackElo "1370"]
[PlyCount "31"]
[EventDate "2000.03.25"]
[EventType "tourn (corr)"]
[EventRounds "6"]
[SourceTitle "Corr 2008"]
[Source "ChessBase"]
[SourceDate "2008.06.24"]
[SourceVersion "1"]
[SourceVersionDate "2008.06.24"]
[SourceQuality "1"]

1. Nf3 e6 2. g3 d5 3. Bg2 c5 4. 0-0 Nc6 5. d3 Qb6 6. c4 Nf6 7. Nc3 Bd7 8. cxd5 exd5 9. Bg5 Ne7 10. Ne5 Qxb2 11. Bxf6 gxf6 12. Nxd7 Kxd7 13. Qa4+ Kd6 14. Nb5+ Kd7 15. Rab1 Qd2 16. Nd4+ 1-0